Rozvojové programy a územní plány ve Spolkové republice Německo.
Organizácia regionálneho plánovania v Bavorsku. Štruktúra činnosti Regionálneho plánovacieho zväzu. Organizácia zabezpečovania a schvaľovania priestorových plánov zväzkov obcí. Obsahové zameranie regionálnych plánov. Charakteristika plánovacieho regiónu Mníchova - ciele jeho rozvoja. Rozvojové progr...
Guardado en:
| Autor principal: | |
|---|---|
| Formato: | Capítulo de libro |
| Lenguaje: | checo |
| Materias: | |
| Etiquetas: |
Sin Etiquetas, Sea el primero en etiquetar este registro!
|
MARC
| LEADER | 00000naa a2200000 4500 | ||
|---|---|---|---|
| 001 | r004456 | ||
| 005 | 20221125081542.2 | ||
| 041 | 0 | |a cze | |
| 044 | |a [CS] | ||
| 245 | 1 | 0 | |a Rozvojové programy a územní plány ve Spolkové republice Německo. |c J. Moučka |
| 520 | |a Organizácia regionálneho plánovania v Bavorsku. Štruktúra činnosti Regionálneho plánovacieho zväzu. Organizácia zabezpečovania a schvaľovania priestorových plánov zväzkov obcí. Obsahové zameranie regionálnych plánov. Charakteristika plánovacieho regiónu Mníchova - ciele jeho rozvoja. Rozvojové programy obcí. | ||
| 610 | 2 | 0 | |a programy rozvojové |
| 610 | 2 | 0 | |a Nemecko |
| 610 | 2 | 0 | |a plán územný |
| 610 | 2 | 0 | |a plánovanie regionálne |
| 610 | 2 | 0 | |a Bavorsko |
| 610 | 2 | 0 | |a obce |
| 100 | 1 | |a Moučka, J. | |